LOTR: On What Age Did The Event Happen? - Statistics

General Stats
  • This quiz has been taken 20 times
  • The average score is 13 of 15
Answer Stats
Question Answer % Correct
Bilbo Baggins has a riddle game with Gollum Third Age
100%
Galadriel gives Gimli 3 strands of her hair Third Age
100%
Fingon is killed during the Nirnaeth Arnoediad First Age
94%
Gil Galad is killed by Sauron Second Age
94%
Celebrimbor forges the rings of power Second Age
94%
Legolas Greenleaf shoots a nazgul's steed out of the sky in the dead of night Third Age
94%
Aragorn, Legolas and Gimli enter Fangorn Forest Third Age
94%
Ar-Pharazon marries Tar-Miriel to usurp the throne of Numenor Second Age
89%
Numenor is destroyed Second Age
89%
The Kinslaying at Alqualonde First Age
83%
The Union of Maedhros is formed First Age
83%
Maedhros is rescued from Morgoth's capture by Fingon First Age
83%
Annatar comes to Lindon Second Age
78%
Elrond & Elros are raised by Maedhros and Maglor First Age
67%
King Thranduil fights the Battle Under the Trees Third Age
61%
No matching quizzes found
Score Distribution
Percent of People with Each Score
Percentile by Number Answered
Your Score History
You have not taken this quiz